000 00979nam a22002897a 4500
001 6272
003 FISKH
005 20250408083708.0
008 250408b cb ||||| |||| 00| 0 eng d
020 _a9780786845392
040 _aFISKH
_beng
_cFISKH
_dFISKH
050 _aPZ7.T3974 T
082 _a813.6
100 _aThorpe, Kiki
245 _aTotally crushed! /
_cAdapted by Kiki Thorpe ; Based on the series created by Terri Minsky
250 _aThis edition first published in 2002
260 _aNew York :
_bDisney,
_c20 cm
300 _a119 pages :
_c20 cm
505 _aN
520 _aSomeone has a crush on Lizzie McGuire: Larry Tudgeman, the biggest geek in North America. When he asks her out, Lizzie automatically says no, but soon her conscience makes her feel bad about it.
521 8 _a540
_bLexile
521 8 _aN
_bRaz-Plus
650 _2Disney
_aSmiley
650 _2Realistic fiction
_aNo Level
942 _2ddc
_cBK
_n0
999 _c6272
_d6272